Sruti Siddhant Samgraha of Vanamali Misra (Record no. 1513)

MARC details
000 -LEADER
fixed length control field 00306nam a22001097a 4500
008 - FIXED-LENGTH DATA ELEMENTS--GENERAL INFORMATION
fixed length control field 260601b |||||||| |||| 00| 0 eng d
100 ## - MAIN ENTRY--PERSONAL NAME
Personal name Nagasampige, A V
245 ## - TITLE STATEMENT
Title Sruti Siddhant Samgraha of Vanamali Misra
260 ## - PUBLICATION, DISTRIBUTION, ETC.
Place of publication, distribution, etc. Bangalore
Name of publisher, distributor, etc. Poornaprajna Samshodhana Mandiram
Date of publication, distribution, etc. 2002
300 ## - PHYSICAL DESCRIPTION
Extent 296p
942 ## - ADDED ENTRY ELEMENTS (KOHA)
Source of classification or shelving scheme Dewey Decimal Classification
Holdings
Withdrawn status Lost status Source of classification or shelving scheme Damaged status Not for loan Home library Current library Shelving location Date acquired Source of acquisition Inventory number Total Checkouts Full call number Barcode Date last seen Price effective from Koha item type
    Dewey Decimal Classification     Karnataka Samskrit University Library Karnataka Samskrit University Library General Stacks 03/06/2025 Poornaprajna Samshodhana Mandiram 12237   001845 001845 06/01/2026 06/01/2026 Books

Powered by Koha